| 000 | 00650nam a22002297a 4500 | ||
|---|---|---|---|
| 003 | OSt | ||
| 005 | 20220107122734.0 | ||
| 008 | 130826b xxu||||| |||| 00| 0 eng d | ||
| 020 | _a9788177588262 | ||
| 040 | _cIIITM-K | ||
| 082 | _a005.73 AHO/D;2 | ||
| 100 |
_aAho, Alfred V _92114 |
||
| 245 |
_aData structures and algorithms _cby Alfred V Aho, John E Hopcroft, Jeffrey D Ullman |
||
| 260 |
_aNew Delhi, _bPearson, _c2000. |
||
| 300 | _a433p. | ||
| 650 |
_aCOMPUTER SCIENCE _92115 |
||
| 650 |
_aDATA STRUCTURES _92116 |
||
| 650 |
_aALGORITHMS _92117 |
||
| 700 |
_aHopcroft, John E _92118 |
||
| 700 |
_aUllman, Jeffrey D _92119 |
||
| 942 |
_2ddc _cBK |
||
| 999 |
_c3743 _d3743 |
||